Use of marketing instruments in development of towns: case study Slovakia
Saved in:
| Main Author: | |
|---|---|
| Other Authors: | |
| Format: | Book Chapter |
| Language: | English |
| Tags: |
No Tags, Be the first to tag this record!
|
MARC
| LEADER | 00000nla$a2200000$$$4500 | ||
|---|---|---|---|
| 001 | 0134646 | ||
| 005 | 20240502083326.5 | ||
| 041 | 0 | |a eng | |
| 044 | |a FI | ||
| 245 | 1 | 0 | |a Use of marketing instruments in development of towns: case study Slovakia |c Milan Buček, Renáta Pauličková |
| 100 | 1 | |a Buček, Milan | |
| 700 | 1 | |a Pauličková, Renáta | |